000 00651nam a2200193Ia 4500
003 GCL
008 140319s9999 xx 000 0 ara d
040 _aGCL /
_cGCL
082 0 4 _a813.009
_bم ى
100 1 _aمصطفى ابراهيم حسين
245 1 0 _aيحى حقى : مبدعا وناقدا (هدية من الاديب عبدالفتاح الجمل) /
_cمصطفى ابراهيم حسين
300 _a132 ص
490 _a
650 0 4 _aالادباء العرب
650 0 4 _aيحيى حقى
650 0 4 _aالقصص العربية, تاريخ ونقد
650 0 4 _aالادب العربى - تاريخ ونقد
942 _2ddc
_cBK
999 _c39824
_d39824